| 000 | 01504nam0a2200349 4500 | ||
|---|---|---|---|
| 001 | RU\NLR\BIBL_A\011692143 | ||
| 005 | 20210916161910.0 | ||
| 010 |
_a978-5-905682-23-0 _95000 |
||
| 021 |
_aRU _bКН-П-18-024461 _9КН-П-18-1781 |
||
| 035 | _a(NLR Aleph) 011692143 | ||
| 035 | _a(RuMoRGB)009590789 | ||
| 090 |
_a11344432 _c11344431 |
||
| 100 | _a20180504d2017 m y0rusy50 ca | ||
| 101 | 0 | _arus | |
| 102 | _aRU | ||
| 105 | _aa z 000fy | ||
| 200 | 1 |
_aСказки балета _f[текст Н. Гольцер _gхудожники: К. Денисевич и др.] |
|
| 210 |
_aСанкт-Петербург _cДетское время _d2017 |
||
| 215 |
_a141, [2] с. _cцв. ил. _d30 |
||
| 300 | _aАвт. указан перед вып. дан. | ||
| 327 | 0 | _aСодерж.: Сильфида; Жизель; Коппелия; Баядерка; Фея кукол; Лебединое озеро; Спящая красавица; Щелкунчик; Раймонда; Жар-птица [и др.] | |
| 333 | _a6+ | ||
| 606 | 1 |
_aБалет _jИздания для детей _2nlr_sh1 _2nlr_sh2 _3RU\NLR\AUTH\66101929 |
|
| 686 | 0 |
_aШ9 _bЩ |
|
| 700 | 1 |
_aГоль _bН. М. _f1952 - _gНиколай Михайлович _3RU\NLR\AUTH\7723899 |
|
| 702 | 1 |
_aДенисевич _bК. _f1982- _gКася _3RU\NLR\AUTH\770234225 _4440 |
|
| 942 | _cBOOK | ||
| 980 | _aNBR | ||
| 980 | _aNB | ||